LEADER 00804cam0-2200301---450- 001 990004803440403321 005 20160907103320.0 035 $a000480344 035 $aFED01000480344 035 $a(Aleph)000480344FED01 035 $a000480344 100 $a19990604d1916----km-y0itay50------ba 101 0 $aita 102 $aIT 105 $a-f------001cy 200 1 $a<>mio Carso$fScipio Slataper 205 $a2. ed. 210 $aFirenze$cLibreria della Voce$d1916 215 $a124 p., [1] tav.$d19 cm 676 $a858.91203$v22$zita 700 1$aSlataper,$bScipio$f<1888-1915>$0158726 801 0$aIT$bUNINA$gRICA$2UNIMARC 901 $aBK 912 $a990004803440403321 952 $a858.912 SLA 1$bBibl.10551$fFLFBC 959 $aFLFBC 996 $aMio Carso$999307 997 $aUNINA LEADER 00845nam2 22002171i 450 001 990002273900403321 035 $a000227390 035 $aFED01000227390 035 $a(Aleph)000227390FED01 035 $a000227390 100 $a20030801d--------km-y0itay50------ba 200 1 $a<>characteristics o the C cell and their significance in relation to those of other endocrine polypeptide cells and to the synthesis, ... London, 1970, p. 125-140. 463 0$1001000220028 701 1$aPearse,$bAnthony Guy Everson$0100950 801 0$aIT$bUNINA$gRICA$2UNIMARC 901 $aBK 912 $a990002273900403321 959 $aFFABC 996 $aCharacteristics o the C cell and their significance in relation to those of other endocrine polypeptide cells and to the synthesis, ... London, 1970, p. 125-140$9385106 997 $aUNINA DB $aING01 LEADER 02671nam 2200349 450 001 996279342503316 005 20231206213740.0 010 $a1-5044-0581-1 024 7 $a10.1109/IEEESTD.2015.7358449 035 $a(CKB)3710000000553805 035 $a(NjHacI)993710000000553805 035 $a(EXLCZ)993710000000553805 100 $a20231206d2015 uy 0 101 0 $aeng 135 $aur||||||||||| 181 $ctxt$2rdacontent 182 $cc$2rdamedia 183 $acr$2rdacarrier 200 10$aIEC 63004 Edition 1.0 2015-12 IEEE Std 1505 $eIEC/IEEE International standard for receiver fixture interface /$fInstitute of Electrical and Electronics Engineers 210 1$aPiscataway, New Jersey :$cIEEE,$d2015. 215 $a1 online resource (161 pages) 330 $aA mechanical and electrical specification for implementing a common interoperable mechanical quick-disconnect interconnect system for use by industry for interfacing large numbers of electrical signals (digital, analog, RF, power, etc.) is provided. These large interface panels (receiver and fixture panels) are employed primarily in test systems between stimulus/measurement assets and a related unit-under-test (UUT), although any application involving high-density contacts requiring a quick disconnect interface could benefit. The receiver is a receptacle that is mounted to test system mates with multiple fixtures, which serve as thebuffer between the UUT and automatic test equipment (ATE). Fixtures translate standard input/output (I/O) signal routing offered at the receiver to a wiring interface that directly connects to the UUT. These UUT interfaces can represent cable connectors, direct plug-in (printed circuit board edge connectors), sensor monitoring, or manual feedback from the test technician.The primary objectives of this standard are: (a) to establish interface standards that permit interchangeability of mechanical/electrical receiver/fixture/connector product assemblies from various manufacturers under an open architecture; and (b) to develop within this framework a defined set(s) of interconnecting connector and mechanical specifications that supports available, accepted, low-cost commercial technology to reduced dependence on proprietary designs and extend life-cycle availability. 517 $aIEC 63004 Edition 1.0 2015-12 IEEE Std 1505 606 $aInternetworking (Telecommunication) 615 0$aInternetworking (Telecommunication) 676 $a363.340284 801 0$bNjHacI 801 1$bNjHacl 906 $aDOCUMENT 912 $a996279342503316 996 $aIEC 63004 Edition 1.0 2015-12 IEEE Std 1505$93646210 997 $aUNISA